header

World cities and climate change (Record no. 245894)

MARC details
000 -LEADER
fixed length control field 01553nam a2200385 a 4500
100 1# - MAIN ENTRY--AUTHOR NAME
Personal name Hodson, Mike.
245 10 - TITLE STATEMENT
Title World cities and climate change
260 ## - PUBLICATION, DISTRIBUTION, ETC. (IMPRINT)
Place of publication Berkshire, England :
Name of publisher McGraw-Hill :
-- Open University Presss,
Year of publication 2010.
300 ## - PHYSICAL DESCRIPTION
Number of Pages xix, 160 p. :
Other physical details ill.
490 1# - SERIES STATEMENT
Series statement Issues in society
505 0# - FORMATTED CONTENTS NOTE
Formatted contents note pt. I. Theory, concepts and issues -- pt. II. Urban responses -- pt. III. Implications, limits and alternatives.
650 #0 - SUBJECT ADDED ENTRY--TOPICAL TERM
Topical Term Human ecology.
Topical Term Globalization.
Topical Term Climatic changes.
700 1# - ADDED ENTRY--PERSONAL NAME
Personal name Marvin, Simon.
856 40 - ELECTRONIC LOCATION AND ACCESS
Uniform Resource Identifier http://site.ebrary.com/lib/rucke/Doc?id=10441958

No items available.

© 2026 Rongo University
Contact us: librarian | system librarian | Rongo university